000 00820cam9a220026500 4500
001 qce00864296
005 20190813181016.0
008 731211s1966 ilua b 001 0 eng
010 _a 65024072
035 _a(Sirsi) r68314
035 _a(QCAT)lss00504178
035 _a(UPRA)qce00864296
040 _dUPRA
050 0 _aRM267
_b.L58
082 _a615.329
100 1 _aLorian, Victor.
_6A29351.1
245 1 0 _aAntibiotics and chemotherapeutic agents in clinical and laboratory practice.
260 _aSpringfield, IL :
_bC.C. Thomas,
_c[1966]
504 _aBibliography at end of each chapter.
650 0 _aAntibiotics.
_6S11009.1
650 0 _aChemotherapy.
_6S11437.1
949 _aRM267
_wLC
_i-91650
_mMEDICAL
_tBOOK
_lON-SHELF
949 _aRM267
_wLC
_i-91651
_mMEDICAL
_tBOOK
_lON-SHELF
004 68314
999 _c45045
_d45045